O kultúre a kultúrnosti s Miroslavom Válkom : (Record no. 21392)
[ view plain ]
| 000 -LEADER | |
|---|---|
| fixed length control field | 00789nam a22002531 4500 |
| 001 - CONTROL NUMBER | |
| control field | 21392 |
| 003 - CONTROL NUMBER IDENTIFIER | |
| control field | CZ PrNK |
| 005 - DATE AND TIME OF LATEST TRANSACTION | |
| control field | 20260228132918.0 |
| 008 - FIXED-LENGTH DATA ELEMENTS--GENERAL INFORMATION | |
| fixed length control field | 010318s1987 xo a e 000 0 slo |
| 040 ## - CATALOGING SOURCE | |
| Original cataloging agency | ABA001 |
| Language of cataloging | cze |
| Transcribing agency | ABA001 |
| Modifying agency | ABA001 |
| 072 #7 - SUBJECT CATEGORY CODE | |
| Subject category code | 316.7 |
| Subject category code subdivision | Sociologie kultury. Kulturní život |
| Source | Konspekt |
| 080 ## - UNIVERSAL DECIMAL CLASSIFICATION NUMBER | |
| Universal Decimal Classification number | 316.7 |
| Edition identifier | MRF |
| 080 ## - UNIVERSAL DECIMAL CLASSIFICATION NUMBER | |
| Universal Decimal Classification number | (0:82-83) |
| Edition identifier | MRF |
| 100 1# - MAIN ENTRY--PERSONAL NAME | |
| Personal name | Holečka, Emil, |
| Dates associated with a name | 1946- |
| Relationship | com |
| 245 10 - TITLE STATEMENT | |
| Title | O kultúre a kultúrnosti s Miroslavom Válkom : |
| Remainder of title | záznamy rozhovorov / |
| Statement of responsibility, etc. | zostavil Emil Holečka |
| 250 ## - EDITION STATEMENT | |
| Edition statement | 1. vyd. |
| 260 ## - PUBLICATION, DISTRIBUTION, ETC. | |
| Place of publication, distribution, etc. | Bratislava : |
| Name of publisher, distributor, etc. | Slovenský spisovateľ, |
| Date of publication, distribution, etc. | 1987 |
| 300 ## - PHYSICAL DESCRIPTION | |
| Extent | 207 s. : |
| Other physical details | il. ; |
| Dimensions | 8° |
| 600 17 - SUBJECT ADDED ENTRY--PERSONAL NAME | |
| Personal name | Válka, Miroslav, |
| Dates associated with a name | 1951- |
| Source of heading or term | czenas |
| 650 07 - SUBJECT ADDED ENTRY--TOPICAL TERM | |
| Topical term or geographic name entry element | kultura |
| Source of heading or term | czenas |
| 655 #7 - INDEX TERM--GENRE/FORM | |
| Genre/form data or focus term | dialogy |
| Source of term | czenas |
| 910 ## - USER-OPTION DATA (OCLC) | |
| User-option data | ABA001 |
| 942 ## - ADDED ENTRY ELEMENTS (KOHA) | |
| Source of classification or shelving scheme | Dewey Decimal Classification |
| Koha item type | Krásna literatúra pre dospelých |
| Suppress in OPAC | No |
| Stav vyradenia | Strata | Poškodenie | Spôsob nadobudnutia | Domovská knižnica | Aktuálna knižnica | Dátum nadobudnutia | Total checkouts | Čiarový kód exemplára | Date last seen | Typ exemplára |
|---|---|---|---|---|---|---|---|---|---|---|
| Dar | Obecná knižnica Horná Štubňa | Obecná knižnica Horná Štubňa | 28.02.2026 | 4736201575 | 28.02.2026 | Krásna literatúra pre dospelých |
